Aviateurs Célèbres - Images - Statistiques

Statistiques générales
  • Ce quiz a été pris 8 fois
  • Le résultat moyen est 5 sur 12
Statistiques - réponses
Par images Réponse % Correct
Antoine de Saint-Exupéry
86%
Charles Lindbergh
86%
Amelia Earhart
71%
Manfred von Richthofen
57%
Roland Garros
57%
Jean Mermoz
43%
Orville Wright
43%
Wilbur Wright
43%
Clément Ader
29%
Louis Blériot
29%
Elise Deroche
0%
Jean Navarre
0%
Aucun quiz correspondant
Distribution des résultats
% des personnes avec chaque résultat
Percentile par nombre de réponses
Votre historique - résultats
Vous n’avez pas pris ce quiz